00834nam a2200205 a 4500008004100000020001800041050001600059100002300075245007700098260004800175300002200223350000900245490004900254650003100303650002500334650001200359995010800371999001700479952013200496101103s2008 ||||||||||||||||| || u a9780521898614 aHG 1811 Hal aHall, Rodney Bruce10aCentral banking as global governance: constructing financial credibility aCambridgebCambridge University Pressc2008 axiii, 256p.: ill. a0.00 aCambridge studies in international relations aBANKS AND BANKING, CENTRAL 0aCORPORATE GOVERNANCE aBANKING D0.00FCBU-MAIN LIBRARY (Kitwe)H1I0.00M1UAVAILABLEWDec 6, 2010ZMain Library Open Access Collection c36961d36961 00102lcc4070a001b001cMain Library Open Access Collectiond2022-11-30l0oHG 1811 Halp742002r2022-11-30w2022-11-30y002